000 01248nam a2200229 i 4500
001 163741
003 ES-MaACL
005 20251012063056.0
008 931025s1775 sp |||| | spa d
100 1 _aRodríguez Campomanes, Pedro,
_d1723-1803
_998399
245 1 0 _aApendice a la educacion popular
_b: parte primera, que contiene las reflexiones, conducentes à entender el origen de los oficios y artes en España durante el siglo pasado, segun lo demostraron los escritores coetáneos que se reimprimen en este apéndice...
260 _aEn Madrid :
_ben la imprenta de D. Antonio de Sancha,
_c1775.
300 _aLII, [4], 500, [1] p. ;
_c8º.
500 _aEs continuación de "Discurso sobre la educación popular de los artesanos y su fomento, de Pedro Rodríguez Campomanes"
594 _aAutor tomado del prólogo de F. Aguilar Piñal al "Discurso sobre la educación popular" de P. Rodríguez Campomanes, en la edición de Madrid, 1978.
597 _aSign.: *-3*8, 4*4, A-Z8, 2A-2H8, 2I4.
650 4 _aArtesanos-
_zEspaña.
_9154569
650 4 _aGremios-
_zEspaña.
_9156366
650 4 _aComercio-
_zEspaña-
_yS.XVIII.
_9154570
852 _aES-MaACL
_jR-524
_z- Enc. pasta
_x- G-498-502
999 _c163741
_d163741